000 01210cam a2200301 a 4500
999 _c10740
_d10740
001 3578955
003 OSt
005 20191227145123.0
008 990624s1998 enk b 001 0 eng
010 _a 99220256
020 _a019564770X
040 _aDLC
_coclc
_dDLC
043 _aa-ii---
050 0 0 _aHC435.2
_b.B34 1998
082 0 0 _a338.954
_221
_bBAR/P
100 _aBardhan, Pranab
_9856
245 1 4 _aThe Political Economy of Development in India /
_cPranab Bardhan
250 _aExpanded ed., with an epilogue on the political economy of reform in India
260 _aOxford, UK ;
_aNew York, NY, USA :
_bOxford University Press,
_c1998.
300 _a 153 p
_c22 cm.
504 _aIncludes bibliographical references (p. 111-115) and indexes.
651 0 _aIndia
_xEconomic policy
_y1947-
651 0 _aIndia
_xEconomic conditions
_y1947-
856 4 2 _3Publisher description
_uhttp://www.loc.gov/catdir/enhancements/fy0605/99220256-d.html
906 _a7
_bcbc
_corignew
_d2
_encip
_f19
_gy-gencatlg
942 _2ddc
_cBK
_h338.954
_iBAR/P
_k338.954
_mBAR/P